00173nam a2200073Ia 4500008004100000100000900041245002700050260002200077190216s9999||||xx |||||||||||||| ||und|| aBabu 0aMechanical Engineering bKerala Basha Inst